000 00503nam a2200205Ia 4500
003 OSt
005 20140311163142.0
008 140130s9999 xx 000 0 und d
020 _a9780717285839
050 _aBJ 1631
_b.B443Bc 2005
100 _aBerry, Joy
_931404
245 _aA book about cheating /
_cJoy Berry.
260 _bScholastic,
_c2005.
_aNew York :
300 _a20 p. :
_bcol. ill. ;
_c18 cm.
440 _v1
521 _aG4
526 _c620
942 _cBK
_2lcc
999 _c41973
_d41973